MARC details
| 000 -CABECERA |
| campo de control de longitud fija |
00964nam a2200229 a 4500 |
| 005 - FECHA Y HORA DE LA ÚLTIMA TRANSACCIÓN |
| campo de control |
20250403063742.0 |
| 008 - ELEMENTOS DE LONGITUD FIJA--INFORMACIÓN GENERAL |
| campo de control de longitud fija |
010918s1997 r 000 0 eng d |
| 020 ## - NÚMERO INTERNACIONAL NORMALIZADO PARA LIBROS |
| Número Internacional Estándar del Libro |
9706209522 (v.1.) |
| 020 ## - NÚMERO INTERNACIONAL NORMALIZADO PARA LIBROS |
| Número Internacional Estándar del Libro |
9709541225 (v.2.) |
| 020 ## - NÚMERO INTERNACIONAL NORMALIZADO PARA LIBROS |
| Número Internacional Estándar del Libro |
9706541888 (v.3.) |
| 035 ## - NÚMERO DE CONTROL DEL SISTEMA |
| Número de control de sistema |
UPN01000111678 |
| 049 ## - COLECCIÓN |
| Colección |
CG |
| 050 #4 - SIGNATURA TOPOGRÁFICA DE LA BIBLIOTECA DEL CONGRESO |
| Número de clasificación |
F1256 |
| Número de documento/Ítem |
CH5.26 |
| 245 00 - MENCIÓN DE TÍTULO |
| Título |
Chiapas para la historia : |
| Resto del título |
antología hemerográfica, 1° de enero de 1994 al 10 de abril de 1995 / |
| Mención de responsabilidad, etc. |
comp. Víctor Díaz Arciniega. |
| 260 ## - PUBLICACIÓN, DISTRIBUCIÓN, ETC. |
| Lugar de publicación, distribución, etc. |
México : |
| Nombre del editor, distribuidor, etc. |
UAM-Azcapotzalco, |
| Fecha de publicación, distribución, etc. |
1997. |
| 300 ## - DESCRIPCIÓN FÍSICA |
| Extensión |
3 v. |
| 505 8# - NOTA DE CONTENIDO CON FORMATO PREESTABLECIDO |
| Nota de contenido con formato |
Contenido: |
| Información miscelánea |
v.1. |
| Título |
1° de enero de 1994 al 10 de abril de 1995 -- |
| Información miscelánea |
v.2. |
| Título |
23 de junio al 18 de diciembre de 1994 -- |
| Información miscelánea |
v.3. |
| Título |
19 de diciembre de 1994 al 10 de abril de 1995 |
| 610 24 - ASIENTO SECUNDARIO DE MATERIA - NOMBRE CORPORATIVO |
| Nombre de entidad corporativa o nombre de jurisdicción como elemento de entrada |
Ejército Zapatista de Liberación Nacional (México) |
| 9 (RLIN) |
6134 |
| 651 #4 - ASIENTO SECUNDARIO DE MATERIA - NOMBRE GEOGRAFICO |
| Nombre geográfico |
Chiapas |
| Subdivisión general |
Historia |
| Subdivisión cronológica |
Levantamiento campesino, 1994 |
| 9 (RLIN) |
6135 |
| 700 1# - ASIENTO SECUNDARIO--NOMBRE DE PERSONAL |
| Nombre de persona |
Díaz Arciniega, Víctor Manuel, |
| Fechas asociadas al nombre |
1952- |
| Término indicativo de función/relación |
comp. |
| 9 (RLIN) |
40434 |
| 905 ## - TIPO DE MATERIAL |
| Tipo de material |
Libro |